000 00835cam a22002773a 4500
001 17457
003 PGUSA
005 20140828083355.0
008 060104s2006||||xxu|||||s|||||000 1 eng d
040 _aPGUSA
_beng
042 _adc
050 4 _aPQ
100 1 _aMaupassant, Guy de,
_d1850-1893
245 1 0 _aUne vie
_h[electronic resource] /
_cGuy de Maupassant
260 _bProject Gutenberg,
_c2006
506 _aPublic domain in the USA.
516 _aElectronic text
653 _aLife -- Fiction
653 _aAristocracy (Social class) -- Fiction
653 _aWomen -- France -- Fiction
653 _aFrance -- Social life and customs -- 19th century -- Fiction
653 _aNormandy (France) -- Fiction
830 0 _aProject Gutenberg
_v17457
856 4 0 _uhttp://www.gutenberg.org/ebooks/17457
942 _cEB
999 _c246712
_d246712